[Event "TUR-chT 1st League"]
[Site "Ankara"]
[Date "2025.07.18"]
[Round "6.26"]
[White "Lashkin, Jegor"]
[Black "Ponkratov, Pavel"]
[Result "0-1"]
[WhiteElo "2514"]
[BlackElo "2556"]
[PlyCount "68"]
[EventDate "2025.07.14"]
[EventType "team-swiss"]
[EventRounds "9"]
[EventCountry "TUR"]
[SourceTitle "CB30_2025"]
[SourceDate "2025.07.23"]
[SourceVersion "1"]
[SourceVersionDate "2025.07.23"]
[SourceQuality "1"]
[WhiteTeam "Guzelbahce Altyapi"]
[BlackTeam "Moda Spor"]
[WhiteTeamCountry "TUR"]
[BlackTeamCountry "TUR"]

1. d4 Nf6 2. c4 g6 3. Nc3 d5 4. Nf3 Bg7 5. Bg5 c5 6. dxc5 Be6 7. Nd4 Nc6 8. Nxe6 fxe6 9. Qb3 d4 10. 0-0-0 Qb8 11. Bxf6 Bxf6 12. Na4 0-0 13. g3 Bg7 14. f3 Kh8 15. Bh3 Rf6 16. Kb1 e5 17. Bg2 Qg8 18. f4 exf4 19. gxf4 Rb8 20. h4 Rxf4 21. h5 g5 22. Rdf1 Na5 23. Qb4 Rxf1+ 24. Rxf1 Nxc4 25. Rc1 b5 26. c6 d3 27. c7 d2 28. Rd1 Rc8 29. Qxb5 Rxc7 30. Bd5 Na3+ 31. bxa3 Qc8 32. Nc3 Bxc3 33. Qd3 Bf6 34. Qxd2 Qf5+ 0-1

[Event "TUR-chT 1st League"]
[Site "Ankara"]
[Date "2025.07.17"]
[Round "5.20"]
[White "Lashkin, Jegor"]
[Black "Atakisi, Umut"]
[Result "1/2-1/2"]
[WhiteElo "2514"]
[BlackElo "2308"]
[PlyCount "119"]
[EventDate "2025.07.14"]
[EventType "team-swiss"]
[EventRounds "9"]
[EventCountry "TUR"]
[SourceTitle "CB30_2025"]
[SourceDate "2025.07.23"]
[SourceVersion "1"]
[SourceVersionDate "2025.07.23"]
[SourceQuality "1"]
[WhiteTeam "Guzelbahce Altyapi"]
[BlackTeam "Besiktas Jimnastik"]
[WhiteTeamCountry "TUR"]
[BlackTeamCountry "TUR"]

1. e4 c5 2. Nf3 e6 3. d4 cxd4 4. Nxd4 Nf6 5. Nc3 Nc6 6. Nxc6 bxc6 7. e5 Nd5 8. Ne4 Bb7 9. Nd6+ Bxd6 10. exd6 c5 11. c4 Nb4 12. a3 Nc6 13. Be3 Qf6 14. Qd2 Nd4 15. Bxd4 cxd4 16. 0-0-0 e5 17. f4 e4 18. Qxd4 Qxf4+ 19. Kb1 0-0 20. c5 Bc6 21. Bc4 Rae8 22. b4 Qe5 23. Qxe5 Rxe5 24. Rhe1 g6 25. Kb2 e3 26. Re2 Kg7 27. Kc3 Rfe8 28. Kd4 f5 29. Rf1 h5 30. Rf3 Re4+ 31. Kd3 Rxc4 32. Kxc4 Re4+ 33. Kc3 f4 34. Kd3 a6 35. h4 g5 36. hxg5 h4 37. Rh3 Kg6 38. Rxh4 f3 39. Rh6+ Kxg5 40. gxf3 Re8 41. Rhh2 Bb5+ 42. Kd4 Bxe2 43. Rxe2 Kf4 44. Kd3 Kxf3 45. Re1 e2 46. a4 Re3+ 47. Kc4 Re4+ 48. Kc3 Re3+ 49. Kd2 Re4 50. Kd3 Re3+ 51. Kd2 Re4 52. b5 axb5 53. axb5 Re5 54. Rxe2 Rxe2+ 55. Kd3 Re1 56. c6 dxc6 57. bxc6 Rd1+ 58. Kc4 Rxd6 59. Kc5 Rxc6+ 60. Kxc6 1/2-1/2

[Event "Karlsruhe Grenke op"]
[Site "Karlsruhe"]
[Date "2025.04.21"]
[Round "8"]
[White "Decuigniere, Tom"]
[Black "Lashkin, Jegor"]
[Result "1-0"]
[WhiteElo "2359"]
[BlackElo "2528"]
[PlyCount "111"]
[EventDate "2025.04.17"]
[EventType "swiss"]
[EventRounds "9"]
[EventCountry "GER"]
[SourceTitle "CB17_2025"]
[SourceDate "2025.04.23"]
[SourceVersion "1"]
[SourceVersionDate "2025.04.23"]
[SourceQuality "1"]

1. d4 Nf6 2. c4 e6 3. Nc3 Bb4 4. e3 0-0 5. Bd3 d5 6. a3 dxc4 7. Bxc4 Bd6 8. Nf3 Nc6 9. Qc2 e5 10. h3 a6 11. 0-0 Bd7 12. Bd2 Qc8 13. dxe5 Nxe5 14. Nxe5 Bxe5 15. Bd3 Re8 16. f4 Bxc3 17. Bxc3 Rxe3 18. Bxf6 gxf6 19. Bxh7+ Kg7 20. Qf2 Re8 21. Bc2 Rh8 22. Qg3+ Kf8 23. Qc3 Rh6 24. Rf3 c5 25. Rd1 Bf5 26. Rd5 Bxc2 27. Qxc2 c4 28. Qd2 Rg6 29. f5 Rg5 30. Rf4 Kg8 31. h4 Rg7 32. Rfd4 Qc6 33. Qe2 Qe8 34. Qxe8+ Rxe8 35. Rd8 Rxd8 36. Rxd8+ Kh7 37. Rd7 b5 38. Kf2 a5 39. Rb7 b4 40. axb4 axb4 41. Rxb4 Rg4 42. b3 Rf4+ 43. Ke3 Rg4 44. bxc4 Rxh4 45. Kd3 Kh6 46. Rb2 Kg5 47. Rf2 Kg4 48. c5 Rh8 49. Kc4 Kg3 50. Rd2 Kf4 51. c6 Kxf5 52. Kc5 Rc8 53. Kb6 Rb8+ 54. Ka7 Rb1 55. c7 Rc1 56. Kb7 1-0

[Event "Karlsruhe Grenke op"]
[Site "Karlsruhe"]
[Date "2025.04.20"]
[Round "7"]
[White "Lashkin, Jegor"]
[Black "Shnurov, Daniil"]
[Result "1-0"]
[WhiteElo "2528"]
[BlackElo "2154"]
[PlyCount "119"]
[EventDate "2025.04.17"]
[EventType "swiss"]
[EventRounds "9"]
[EventCountry "GER"]
[SourceTitle "CB17_2025"]
[SourceDate "2025.04.23"]
[SourceVersion "1"]
[SourceVersionDate "2025.04.23"]
[SourceQuality "1"]

1. Nf3 Nf6 2. c4 e6 3. g3 b6 4. Bg2 Bb7 5. 0-0 Be7 6. d4 0-0 7. Re1 d5 8. cxd5 exd5 9. Nc3 Nbd7 10. Bf4 a6 11. Ne5 c5 12. dxc5 Nxc5 13. Nf3 Nfe4 14. Be5 Rc8 15. Bh3 Ra8 16. Rc1 Bf6 17. Qd4 Re8 18. Bxf6 Qxf6 19. Qxf6 Nxf6 20. b4 Ncd7 21. Nd4 g6 22. Nb1 Rac8 23. Nd2 h5 24. a4 Kf8 25. a5 Rxc1 26. Rxc1 Rc8 27. Ra1 b5 28. f3 Rc7 29. Bxd7 Nxd7 30. Ra2 Ke7 31. Rc2 Rxc2 32. Nxc2 Kd6 33. Nd4 Ne5 34. Kf2 Bc8 35. h4 Bd7 36. N2b3 Bc8 37. Ke3 Bd7 38. Nc5 Bc8 39. Nd3 Bd7 40. Nxe5 Kxe5 41. Kd3 Bc8 42. Nb3 Bf5+ 43. Kc3 Bc8 44. e3 f6 45. Nc5 g5 46. Nd3+ Ke6 47. Kd4 Kd6 48. Nc5 Kc6 49. e4 gxh4 50. exd5+ Kd6 51. Ne4+ Ke7 52. gxh4 Bb7 53. Kc5 f5 54. Nd6 Ba8 55. Nxf5+ Kf6 56. Nd4 Ke7 57. f4 Bb7 58. Kb6 Bc8 59. Kc7 Bd7 60. d6+ 1-0

[Event "Karlsruhe Grenke op"]
[Site "Karlsruhe"]
[Date "2025.04.20"]
[Round "6"]
[White "Von Mettenheim, Johannes"]
[Black "Lashkin, Jegor"]
[Result "1-0"]
[WhiteElo "2362"]
[BlackElo "2528"]
[PlyCount "139"]
[EventDate "2025.04.17"]
[EventType "swiss"]
[EventRounds "9"]
[EventCountry "GER"]
[SourceTitle "CB17_2025"]
[SourceDate "2025.04.23"]
[SourceVersion "1"]
[SourceVersionDate "2025.04.23"]
[SourceQuality "1"]

1. d4 Nf6 2. Nf3 d5 3. Bf4 c5 4. e3 e6 5. Be2 Qb6 6. b3 Be7 7. h3 0-0 8. 0-0 Nc6 9. c3 Bd7 10. Nbd2 Rfc8 11. Rc1 cxd4 12. exd4 Ba3 13. Rc2 a5 14. Bd3 Be8 15. Re1 Qd8 16. Qe2 Bd6 17. Bxd6 Qxd6 18. a4 Rc7 19. Ne5 Rac8 20. Rec1 Ne7 21. Qe1 Nd7 22. Ndf3 Nf8 23. Ng4 Qb6 24. Rb1 f6 25. Ne3 Bh5 26. Nh2 Qd6 27. Qd2 Rd8 28. Nhf1 Bf7 29. Ng3 Nfg6 30. Ne2 Nc6 31. b4 e5 32. Nf5 Qe6 33. dxe5 fxe5 34. b5 Nce7 35. Neg3 Nxf5 36. Bxf5 Qf6 37. Rcc1 Nf4 38. c4 dxc4 39. Qxa5 b6 40. Qe1 h5 41. Be4 Rcd7 42. Rd1 h4 43. Ne2 Nd3 44. Qf1 Bh5 45. f3 Ra7 46. Nc1 Rxa4 47. Nxd3 cxd3 48. Rxd3 Bf7 49. Rxd8+ Qxd8 50. Kh1 g6 51. Qf2 Rd4 52. Bc6 Qg5 53. Re1 Qg3 54. Qe2 Rd8 55. Qxe5 g5 56. Qe3 Rd6 57. Ra1 Kg7 58. Qc3+ Rf6 59. Qd4 Qc7 60. Re1 Qg3 61. Re5 Kh6 62. Re7 Kg6 63. Be4+ Kh5 64. Bd5 Kg6 65. Be4+ Kh5 66. Bd5 Kg6 67. Bxf7+ Rxf7 68. Re6+ Kh7 69. Qe4+ Kh8 70. Qg6 1-0

[Event "Karlsruhe Grenke op"]
[Site "Karlsruhe"]
[Date "2025.04.18"]
[Round "3"]
[White "Lashkin, Jegor"]
[Black "Degardin, Sylvain"]
[Result "0-1"]
[WhiteElo "2528"]
[BlackElo "2296"]
[PlyCount "80"]
[EventDate "2025.04.17"]
[EventType "swiss"]
[EventRounds "9"]
[EventCountry "GER"]
[SourceTitle "CB17_2025"]
[SourceDate "2025.04.23"]
[SourceVersion "1"]
[SourceVersionDate "2025.04.23"]
[SourceQuality "1"]

1. Nf3 d5 2. d4 Nf6 3. c4 e6 4. Nc3 Be7 5. Bf4 0-0 6. e3 c5 7. dxc5 Bxc5 8. Be2 Nc6 9. 0-0 dxc4 10. Bxc4 a6 11. Bd3 Be7 12. Rc1 Qa5 13. Nd2 e5 14. Bg3 Rd8 15. Qe2 Be6 16. Nc4 Qc7 17. Ne4 Nd7 18. f4 f5 19. Ng5 Bxg5 20. fxg5 g6 21. b4 Rac8 22. a3 b5 23. Nd2 Qb6 24. h3 e4 25. Bb1 Nce5 26. Kh2 Nc4 27. Nxc4 Bxc4 28. Ba2 Qe6 29. Bxc4 bxc4 30. Rfd1 Nb6 31. Rxd8+ Rxd8 32. Bc7 Rd3 33. Bxb6 Qxb6 34. Qc2 c3 35. Qb3+ Kg7 36. Rxc3 Qd6+ 37. Kg1 Rd1+ 38. Kf2 Rd2+ 39. Ke1 Rxg2 40. Kf1 Rh2 0-1

[Event "Karlsruhe Grenke op"]
[Site "Karlsruhe"]
[Date "2025.04.17"]
[Round "1"]
[White "Lashkin, Jegor"]
[Black "Shen, Tingrui"]
[Result "1-0"]
[WhiteElo "2528"]
[BlackElo "2107"]
[PlyCount "97"]
[EventDate "2025.04.17"]
[EventType "swiss"]
[EventRounds "9"]
[EventCountry "GER"]
[SourceTitle "CB17_2025"]
[SourceDate "2025.04.23"]
[SourceVersion "1"]
[SourceVersionDate "2025.04.23"]
[SourceQuality "1"]

1. d4 Nf6 2. c4 e6 3. Nf3 d5 4. Nc3 Be7 5. Bf4 0-0 6. e3 a6 7. c5 Nh5 8. Be5 f6 9. Bg3 Nd7 10. Ng5 fxg5 11. Qxh5 c6 12. h4 g4 13. Qxg4 e5 14. Qd1 a5 15. Be2 e4 16. Qb3 Kh8 17. Na4 b5 18. cxb6 Bb4+ 19. Kf1 Nxb6 20. Nxb6 Qxb6 21. a3 Bc5 22. Qxb6 Bxb6 23. Rc1 Bd7 24. f3 Rfc8 25. Bd6 Bc7 26. Bxc7 Rxc7 27. b3 exf3 28. gxf3 Rb8 29. Rc3 Rcb7 30. Bd1 Kg8 31. Kf2 Kf7 32. Bc2 h6 33. Rg1 Rb6 34. e4 dxe4 35. fxe4 Be6 36. Rcg3 Rg8 37. h5 Rb7 38. Rf3+ Ke7 39. Rc3 Kd7 40. Ke3 Rbb8 41. e5 Bd5 42. Bh7 Rgf8 43. Rxg7+ Rf7 44. Rxf7+ Bxf7 45. Be4 Rb6 46. Bf3 Be6 47. Kf4 Bxb3 48. Bxc6+ Ke6 49. Be4 1-0

[Event "EU-ch 25th"]
[Site "Eforie Nord"]
[Date "2025.03.26"]
[Round "11"]
[White "Lashkin, Jegor"]
[Black "Kozak, Adam"]
[Result "1/2-1/2"]
[WhiteElo "2517"]
[BlackElo "2601"]
[PlyCount "52"]
[EventDate "2025.03.15"]
[EventType "swiss"]
[EventRounds "11"]
[EventCountry "ROU"]
[SourceTitle "CB13_2025"]
[SourceDate "2025.03.26"]
[SourceVersion "1"]
[SourceVersionDate "2025.03.26"]
[SourceQuality "1"]

1. d4 Nf6 2. c4 g6 3. Nc3 d5 4. Nf3 Bg7 5. e3 0-0 6. cxd5 Nxd5 7. Bc4 Nxc3 8. bxc3 c5 9. 0-0 Qc7 10. Qe2 Bg4 11. Ba3 Nd7 12. Rac1 Qa5 13. Qb2 b5 14. Be2 Rab8 15. dxc5 Bxf3 16. Bxf3 Qc7 17. Rfd1 Nxc5 18. Rd5 Na4 19. Qb3 Rfd8 20. Rxd8+ Qxd8 21. c4 Nc3 22. c5 b4 23. Bxb4 Rxb4 24. Qxb4 Nxa2 25. Qc4 Nxc1 26. Qxc1 Qc7 1/2-1/2

[Event "Titled Tuesday intern op 25th Feb Early"]
[Site "Chess.com INT"]
[Date "2025.02.25"]
[Round "4"]
[White "Dudkina, Uliana"]
[Black "Lashkin, Jegor"]
[Result "0-1"]
[WhiteElo "2005"]
[BlackElo "2517"]
[PlyCount "98"]
[EventDate "2025.02.25"]
[EventType "swiss (blitz)"]
[EventRounds "11"]
[EventCountry "USA"]
[SourceTitle "CB10_2025"]
[SourceDate "2025.03.05"]
[SourceVersion "1"]
[SourceVersionDate "2025.03.05"]
[SourceQuality "1"]

1. Nf3 d5 2. c4 e6 3. g3 Nf6 4. Bg2 d4 5. 0-0 c5 6. e3 Nc6 7. exd4 cxd4 8. d3 Bc5 9. Bg5 h6 10. Bxf6 gxf6 11. Nbd2 f5 12. Re1 Qd6 13. a3 a5 14. Nh4 Kf8 15. Ndf3 Kg7 16. Kh1 Bd7 17. Rg1 Rhg8 18. Qd2 Kh7 19. Bh3 Ne7 20. Rae1 f6 21. Re2 a4 22. Rge1 Bb6 23. Qb4 Qxb4 24. axb4 Nc6 25. c5 Bd8 26. b5 Nb4 27. Nxd4 Nxd3 28. Rd1 Nxc5 29. Rc2 Bb6 30. Bg2 Rad8 31. Rcd2 Bc8 32. Ne2 Rxd2 33. Rxd2 Rd8 34. Rc2 Rd1+ 35. Ng1 Nd3 36. Bf3 Rc1 37. Rxc1 Nxc1 38. Bd1 Nd3 39. Bxa4 Nxb2 40. Bc2 Kg7 41. Kg2 Bd7 42. Ne2 Bxb5 43. Nf4 Bc6+ 44. f3 Kf7 45. Kh3 Bd7 46. Nfg2 Nc4 47. g4 fxg4+ 48. fxg4 Ne5 49. Bg6+ Nxg6 0-1

[Event "Titled Tuesday intern op 25th Feb Early"]
[Site "Chess.com INT"]
[Date "2025.02.25"]
[Round "5"]
[White "Lashkin, Jegor"]
[Black "Jimenez Almeida, Luis David"]
[Result "1-0"]
[WhiteElo "2517"]
[BlackElo "2203"]
[PlyCount "75"]
[EventDate "2025.02.25"]
[EventType "swiss (blitz)"]
[EventRounds "11"]
[EventCountry "USA"]
[SourceTitle "CB10_2025"]
[SourceDate "2025.03.05"]
[SourceVersion "1"]
[SourceVersionDate "2025.03.05"]
[SourceQuality "1"]

1. Nf3 g6 2. c4 Bg7 3. g3 f5 4. Bg2 Nf6 5. 0-0 d6 6. d4 0-0 7. Nc3 Nc6 8. d5 Ne5 9. b3 Ne4 10. Nxe4 Nxf3+ 11. exf3 Bxa1 12. Ng5 Bf6 13. Re1 e5 14. Ne6 Bxe6 15. dxe6 Qe7 16. f4 c6 17. Ba3 Qxe6 18. Bxd6 Rad8 19. c5 Rfe8 20. Bf1 Kg7 21. Bc4 Qd7 22. fxe5 Be7 23. Qd4 Qc8 24. b4 b6 25. Kg2 a5 26. a3 axb4 27. axb4 Bxd6 28. exd6+ Kh6 29. Qh4+ Kg7 30. Qd4+ Kh6 31. Rxe8 Rxe8 32. d7 Qd8 33. Qf4+ g5 34. Qd6+ Kh5 35. dxe8Q+ Qxe8 36. Be6 Kg6 37. Bd7+ Kg7 38. Bxe8 1-0

[Event "Titled Tuesday intern op 11th Feb Early"]
[Site "Chess.com INT"]
[Date "2025.02.11"]
[Round "6"]
[White "Przybylski, Wojciech"]
[Black "Lashkin, Jegor"]
[Result "0-1"]
[WhiteElo "2335"]
[BlackElo "2517"]
[PlyCount "84"]
[EventDate "2025.02.11"]
[EventType "swiss (blitz)"]
[EventRounds "11"]
[EventCountry "USA"]
[SourceTitle "CB09_2025"]
[SourceDate "2025.02.27"]
[SourceVersion "1"]
[SourceVersionDate "2025.02.27"]
[SourceQuality "1"]

1. e4 c5 2. Nf3 d6 3. d4 cxd4 4. Nxd4 Nf6 5. Nc3 a6 6. Be2 e5 7. Nb3 Be7 8. Be3 Be6 9. 0-0 0-0 10. f3 Nbd7 11. Qd2 Rc8 12. a4 Nb6 13. Rfd1 d5 14. a5 Nc4 15. Bxc4 dxc4 16. Qxd8 Rfxd8 17. Nd2 Nd7 18. Na4 Bb4 19. Nc3 Nb8 20. Kf1 Nc6 21. Bb6 Rd7 22. Nd5 Bxd2 23. Rxd2 Nb4 24. Rad1 Bxd5 25. exd5 f6 26. Kf2 c3 27. bxc3 Na2 28. d6 Nxc3 29. Re1 Kf7 30. f4 exf4 31. g3 fxg3+ 32. hxg3 f5 33. Kf3 Rc6 34. Bc7 Nb5 35. Re5 Nxc7 36. Rxf5+ Kg6 37. Rf8 Rcxd6 38. Rxd6+ Rxd6 39. Rc8 Rd7 40. Ke4 Ne6 41. Rb8 Nc5+ 42. Ke5 Rd2 0-1

[Event "Titled Tuesday intern op 04th Feb Late"]
[Site "Chess.com INT"]
[Date "2025.02.04"]
[Round "6"]
[White "Lashkin, Jegor"]
[Black "Gonzalez Castillo, Jose Javier"]
[Result "1-0"]
[WhiteElo "2517"]
[BlackElo "2247"]
[PlyCount "59"]
[EventDate "2025.02.04"]
[EventType "swiss (blitz)"]
[EventRounds "11"]
[EventCountry "USA"]
[SourceTitle "CB07_2025"]
[SourceDate "2025.02.12"]
[SourceVersion "1"]
[SourceVersionDate "2025.02.12"]
[SourceQuality "1"]

1. d4 g6 2. c4 Bg7 3. e4 d6 4. Nc3 Nd7 5. Nf3 e5 6. Be2 a5 7. Be3 h5 8. 0-0 Bh6 9. Bxh6 Nxh6 10. Qd2 c6 11. Rad1 Qe7 12. h3 f6 13. Nh4 Qf7 14. c5 g5 15. Nf5 Nxf5 16. exf5 d5 17. dxe5 Nxe5 18. Ne4 Kf8 19. Nd6 Qd7 20. f4 gxf4 21. Qxf4 Nf7 22. Bd3 Qd8 23. Rde1 Bd7 24. Re6 Rh7 25. Rfe1 Rb8 26. Re7 Qxe7 27. Rxe7 Kxe7 28. Nxf7 Rg8 29. Qd6+ Kxf7 30. Qxd7+ 1-0

[Event "Titled Tuesday intern op 04th Feb Late"]
[Site "Chess.com INT"]
[Date "2025.02.04"]
[Round "5"]
[White "Oparin, Grigoriy"]
[Black "Lashkin, Jegor"]
[Result "1-0"]
[WhiteElo "2660"]
[BlackElo "2517"]
[PlyCount "119"]
[EventDate "2025.02.04"]
[EventType "swiss (blitz)"]
[EventRounds "11"]
[EventCountry "USA"]
[SourceTitle "CB07_2025"]
[SourceDate "2025.02.12"]
[SourceVersion "1"]
[SourceVersionDate "2025.02.12"]
[SourceQuality "1"]

1. e4 c5 2. Nf3 d6 3. Nc3 Nf6 4. a4 a6 5. h3 Nc6 6. d4 cxd4 7. Nxd4 g6 8. Be3 Bg7 9. Bc4 0-0 10. 0-0 Bd7 11. Nxc6 Bxc6 12. Qd3 Nd7 13. Ba2 Nc5 14. Bxc5 dxc5 15. Qe2 e6 16. a5 Qc7 17. Bc4 Rad8 18. Rfd1 Rd4 19. Rxd4 cxd4 20. Nb1 Rc8 21. Bd3 Qd6 22. Nd2 Qb4 23. Nc4 Bb5 24. b3 Qc3 25. Qd1 Bxc4 26. bxc4 Rc5 27. Qb1 Bf8 28. g3 h5 29. h4 Kg7 30. Kg2 Rxa5 31. Rxa5 Qxa5 32. Qxb7 Bc5 33. e5 Qb6 34. Be4 Qxb7 35. Bxb7 a5 36. Bc6 Bb4 37. Kf3 Kf8 38. Ke2 Ke7 39. Ba4 f6 40. exf6+ Kxf6 41. f3 Bd6 42. f4 Bb4 43. Be8 Kg7 44. Kf3 Kf6 45. Ke4 Bc5 46. Ba4 Bb6 47. Bb5 Bc5 48. Bc6 Bb6 49. Kd3 Bc5 50. Kd2 Bb4+ 51. Ke2 Bc5 52. Kf3 Bb4 53. g4 Be1 54. gxh5 gxh5 55. c5 Bxh4 56. Be8 Be1 57. c6 a4 58. c7 a3 59. c8Q a2 60. Qa6 1-0

[Event "Titled Tuesday intern op 04th Feb Late"]
[Site "Chess.com INT"]
[Date "2025.02.04"]
[Round "7"]
[White "Xiong, Jeffery"]
[Black "Lashkin, Jegor"]
[Result "1/2-1/2"]
[WhiteElo "2636"]
[BlackElo "2517"]
[PlyCount "55"]
[EventDate "2025.02.04"]
[EventType "swiss (blitz)"]
[EventRounds "11"]
[EventCountry "USA"]
[SourceTitle "CB07_2025"]
[SourceDate "2025.02.12"]
[SourceVersion "1"]
[SourceVersionDate "2025.02.12"]
[SourceQuality "1"]

1. b3 d5 2. Bb2 Nf6 3. g3 c5 4. Bg2 Nc6 5. f4 g6 6. Nf3 Bg7 7. 0-0 0-0 8. e3 b6 9. Qe2 Bb7 10. d3 Rc8 11. Nbd2 d4 12. e4 Ng4 13. Bh3 h5 14. Bxg4 hxg4 15. Ng5 Qd7 16. f5 Ne5 17. Nc4 Nxc4 18. bxc4 gxf5 19. Rxf5 e6 20. Rf6 Bxf6 21. Qxg4 Bg7 22. Qh5 Rfe8 23. Rf1 Re7 24. Qh7+ Kf8 25. Qg6 Kg8 26. Qh7+ Kf8 27. Qg6 Kg8 28. Qh7+ 1/2-1/2

[Event "Titled Tuesday intern op 28th Jan Early"]
[Site "Chess.com INT"]
[Date "2025.01.28"]
[Round "3"]
[White "Lashkin, Jegor"]
[Black "Kopjonkin, Kirill"]
[Result "1-0"]
[WhiteElo "2517"]
[BlackElo "2314"]
[PlyCount "67"]
[EventDate "2025.01.28"]
[EventType "swiss (blitz)"]
[EventRounds "11"]
[EventCountry "USA"]
[SourceTitle "CB06_2025"]
[SourceDate "2025.02.05"]
[SourceVersion "1"]
[SourceVersionDate "2025.02.05"]
[SourceQuality "1"]

1. e4 Nf6 2. e5 Nd5 3. g3 d6 4. exd6 cxd6 5. Bg2 Nb6 6. d4 g6 7. h4 h5 8. a4 a5 9. Nf3 Bg7 10. Ng5 Nc6 11. c3 0-0 12. 0-0 Bg4 13. Qb3 d5 14. Na3 Rc8 15. Re1 f6 16. Ne6 Bxe6 17. Rxe6 Qd7 18. Re1 Qd8 19. Bh3 f5 20. Bf4 Re8 21. Bg2 e5 22. Bg5 Qc7 23. Bxd5+ Nxd5 24. Qxd5+ Kh7 25. Nb5 Qb8 26. Nd6 Rcd8 27. Bxd8 Rxd8 28. dxe5 Nxe5 29. Rad1 Rd7 30. Rxe5 Bf8 31. Re6 Qd8 32. Qe5 Bg7 33. Qe2 Bf8 34. Re8 1-0

[Event "Titled Tuesday intern op 28th Jan Early"]
[Site "Chess.com INT"]
[Date "2025.01.28"]
[Round "6"]
[White "Lashkin, Jegor"]
[Black "Levitan, Caleb Levi"]
[Result "1-0"]
[WhiteElo "2517"]
[BlackElo "2293"]
[PlyCount "49"]
[EventDate "2025.01.28"]
[EventType "swiss (blitz)"]
[EventRounds "11"]
[EventCountry "USA"]
[SourceTitle "CB06_2025"]
[SourceDate "2025.02.05"]
[SourceVersion "1"]
[SourceVersionDate "2025.02.05"]
[SourceQuality "1"]

1. e4 e5 2. Nf3 Nc6 3. Nc3 Nf6 4. a4 Bc5 5. Nxe5 Bxf2+ 6. Kxf2 Nxe5 7. d4 Neg4+ 8. Kg1 d6 9. h3 Nh6 10. Bg5 0-0 11. Qf3 Qe7 12. Nd5 Nxd5 13. Bxe7 Nxe7 14. g4 f6 15. Bc4+ Kh8 16. g5 Nhg8 17. Kh2 Bd7 18. Raf1 Ng6 19. Qg3 fxg5 20. Rxf8 Rxf8 21. Rf1 Nf6 22. e5 dxe5 23. dxe5 Ne4 24. Rxf8+ Nxf8 25. Qf3 1-0

[Event "Titled Tuesday intern op 28th Jan Early"]
[Site "Chess.com INT"]
[Date "2025.01.28"]
[Round "2"]
[White "Todorovic, Bojan"]
[Black "Lashkin, Jegor"]
[Result "1/2-1/2"]
[WhiteElo "2130"]
[BlackElo "2517"]
[PlyCount "128"]
[EventDate "2025.01.28"]
[EventType "swiss (blitz)"]
[EventRounds "11"]
[EventCountry "USA"]
[SourceTitle "CB06_2025"]
[SourceDate "2025.02.05"]
[SourceVersion "1"]
[SourceVersionDate "2025.02.05"]
[SourceQuality "1"]

1. d4 Nf6 2. c4 b6 3. Nc3 Bb7 4. f3 Nc6 5. e4 e5 6. d5 Nd4 7. Nge2 Bc5 8. Nxd4 Bxd4 9. Bd3 Nh5 10. Ne2 Bc5 11. a3 a5 12. Bd2 a4 13. Qc2 0-0 14. 0-0-0 c6 15. g4 Nf6 16. h4 Ne8 17. Ng3 cxd5 18. cxd5 Rc8 19. Bc3 Bd4 20. Qxa4 Bxc3 21. bxc3 Nd6 22. Nf5 Nxf5 23. gxf5 Rxc3+ 24. Kb2 Rc5 25. Rc1 Ra5 26. Qb4 Ba6 27. Bxa6 Rxa6 28. d6 Qa8 29. Rc3 b5 30. Rhc1 h6 31. Rc7 Ra4 32. Qc5 b4 33. Rc8 bxa3+ 34. Ka2 Rxc8 35. Qxc8+ Kh7 36. Qxa8 Rxa8 37. Rc7 Ra4 38. Rxd7 Rd4 39. Kxa3 h5 40. Kb3 Kh6 41. Kc3 g5 42. hxg5+ Kxg5 43. Rxf7 Rxd6 44. Rh7 h4 45. Kc4 Rd1 46. Kc5 Rd3 47. f6 Rxf3 48. f7 Rf4 49. Kd5 Kg6 50. Rh8 Rxf7 51. Kxe5 Kg5 52. Ke6 Rf1 53. e5 Kg4 54. Ke7 Ra1 55. e6 h3 56. Kf6 Rf1+ 57. Kg7 Re1 58. Kf7 Rf1+ 59. Kg7 Re1 60. Kf7 Kg3 61. e7 h2 62. e8Q Rxe8 63. Kxe8 Kg2 64. Rxh2+ Kxh2 1/2-1/2

[Event "Titled Tuesday intern op 21st Jan Late"]
[Site "Chess.com INT"]
[Date "2025.01.21"]
[Round "5"]
[White "Bacojo, Mark Jay"]
[Black "Lashkin, Jegor"]
[Result "0-1"]
[WhiteElo "2376"]
[BlackElo "2517"]
[PlyCount "92"]
[EventDate "2025.01.21"]
[EventType "swiss (blitz)"]
[EventRounds "11"]
[EventCountry "USA"]
[SourceTitle "CB05_2025"]
[SourceDate "2025.01.29"]
[SourceVersion "1"]
[SourceVersionDate "2025.01.29"]
[SourceQuality "1"]

1. e4 c5 2. Nf3 d6 3. d4 cxd4 4. Nxd4 Nf6 5. Nc3 a6 6. Bg5 e6 7. f4 Qb6 8. Qd2 Qxb2 9. Rb1 Qa3 10. f5 Nc6 11. fxe6 fxe6 12. Nxc6 bxc6 13. Bd3 Be7 14. 0-0 0-0 15. Kh1 Bd7 16. Rb7 Rad8 17. Rf3 Rf7 18. h3 Qc5 19. Na4 Qe5 20. Qf4 Qa1+ 21. Qc1 Qxc1+ 22. Bxc1 c5 23. Nb6 Bc6 24. Rc7 Bxe4 25. Bxe4 Nxe4 26. Nc8 Bf6 27. Rc6 Rb7 28. Bf4 e5 29. Be3 Kf7 30. Nb6 Ke6 31. Na4 a5 32. Ra6 Rb5 33. c4 Rb1+ 34. Kh2 Rc8 35. Rxa5 Rb4 36. Ra6 Rxc4 37. Nb6 Rc6 38. Nxc4 Rxa6 39. a3 d5 40. Nd2 Nxd2 41. Bxd2 e4 42. Rb3 d4 43. Kg1 e3 44. Be1 Kd5 45. Kf1 Kc4 46. Rb7 Rxa3 0-1

[Event "Titled Tuesday intern op 21st Jan Late"]
[Site "Chess.com INT"]
[Date "2025.01.21"]
[Round "9"]
[White "Lashkin, Jegor"]
[Black "Grigoriants, Sergey"]
[Result "1-0"]
[WhiteElo "2517"]
[BlackElo "2550"]
[PlyCount "61"]
[EventDate "2025.01.21"]
[EventType "swiss (blitz)"]
[EventRounds "11"]
[EventCountry "USA"]
[SourceTitle "CB05_2025"]
[SourceDate "2025.01.29"]
[SourceVersion "1"]
[SourceVersionDate "2025.01.29"]
[SourceQuality "1"]

1. d4 Nf6 2. c4 e6 3. Nf3 d5 4. Nc3 Nbd7 5. cxd5 exd5 6. Bg5 h6 7. Bh4 Bb4 8. Qc2 g5 9. Bg3 Ne4 10. Nd2 Nxg3 11. hxg3 c6 12. a3 Ba5 13. e4 dxe4 14. Ncxe4 Bxd2+ 15. Qxd2 Qe7 16. 0-0-0 0-0 17. Rxh6 Kg7 18. Nxg5 Kxh6 19. Ne6+ Kg6 20. Bd3+ f5 21. Rh1 Qxe6 22. Rh6+ Kf7 23. Rxe6 Kxe6 24. Qe3+ Kd6 25. Qf4+ Ke7 26. Bxf5 Nf6 27. Qc7+ Bd7 28. Qxb7 Kd6 29. Qb4+ Kc7 30. Qa5+ Kd6 31. Qe5# 1-0

[Event "Titled Tuesday intern op 21st Jan Late"]
[Site "Chess.com INT"]
[Date "2025.01.21"]
[Round "2"]
[White "Lashkin, Jegor"]
[Black "Salonen, Aku"]
[Result "1-0"]
[WhiteElo "2517"]
[BlackElo "2187"]
[PlyCount "71"]
[EventDate "2025.01.21"]
[EventType "swiss (blitz)"]
[EventRounds "11"]
[EventCountry "USA"]
[SourceTitle "CB05_2025"]
[SourceDate "2025.01.29"]
[SourceVersion "1"]
[SourceVersionDate "2025.01.29"]
[SourceQuality "1"]

1. d4 Nf6 2. c4 e6 3. Nf3 d5 4. cxd5 exd5 5. Nc3 Bb4 6. Bg5 h6 7. Bh4 g5 8. Bg3 Ne4 9. Nd2 Nxc3 10. bxc3 Bxc3 11. Rc1 Ba5 12. e3 c6 13. h4 Bf5 14. hxg5 Qxg5 15. Qa4 Bb6 16. Nf3 Qe7 17. Be5 f6 18. Bf4 Nd7 19. Be2 Be4 20. Kf1 h5 21. Nd2 Bg6 22. Bg3 Kf7 23. Qb3 Rae8 24. Nf3 Kg7 25. a4 Nf8 26. Bd3 Bxd3+ 27. Qxd3 Qe4 28. Qb3 Qe7 29. Nh4 Qd7 30. Qc2 Qe6 31. Nf5+ Kg8 32. f3 Rh7 33. Kf2 Rd8 34. Rh3 Qf7 35. Bf4 Qg6 36. Rg3 1-0